000 00911cam a22002415a 4500
005 20091103014612.0
008 090911s2009 ii ab b 100 0 eng d
010 _aENG-95388
020 _a9788131305898
_c695.00
035 _aEN-78921
037 _aDBAD/PUB
040 _aDPL
_beng
082 _a570.3
100 _aTandon, R.K.
245 _aDicitionary of biology /
_cby R.K. Tandon
260 _aNew Delhi :
_bAPH Publishing Corporation
_c2009
270 _a4435-36/7. Ansari road, Darya Ganj
_bNew Delhi
_e110002
300 _a 312p.
_c22 cm. (Hb)
520 _aContributed articles.
942 _2ddc
_cEN
_mTAN
_h570.3
999 _c31560
_d31560